1840 1806 1116 1451 1490 1337 1081 1379 1660 1693 1477 1892 1333 1437 1782 1604 1100 1404 1808 1770 1879 1536 1103 1851 1190 1331 1977 1636 1703 1074 1900 1105 1087 1217 1364 1193 1095 1203 1644 1962 1598 1501 1516 1885 1209 1703 1637 1110 1318 1621 1315 1926 1543 1610 1183 1020 1864 1356 1658 1599 1199 1977 1110 1562 1414 1112 1997 1141 1166 1726 1322 1130 1267 1566 1727 1792 1466 1764 1856 1005 1508 2000 1155 1043 1892 1671 1515 1399 1288 1707 1129 1943 1267 1171 1031 1392 1294 1043 1533 BCNSPRNW ULIB Ver.6.0+V

เปลี่ยนเป็นภาษาไทย

Change to English
 แสดงรายละเอียดบรรณานุกรม
  กลับหน้าหลัก

Brief Record : Get Marc (ISO 2709) : E-mail record : QR code < ปิดหน้าต่าง
LEADER : 00000nam 2200000uu 4500
001    13399108462
003     ULIB
008    110303s2004||||th 000 0 eng d
020    0805341501
060     WY150^bM489M 2004
100 0  LeMone, Priscilla
245 00 Medical-surgical nursing : critical thinking in client care /^c LeMone, Priscilla
250    3rd ed.
260    New Jersey :^bPeason Prentice,^c2004
300    1631 pp :^bill.
650  2 Nursing Care^xhandbook
650  2 Surgical Nursing^xhandbook
945    ^p1885^l0^i016273
995    ทศพร
999 ^a ใช้งานได้ทุกระบบ
รายการนี้ยังไม่มีแท็ก
คุณยังไม่ได้ล็อกอิน คุณสามารถมีกิจกรรมร่วมกับเว็บไซต์ได้ แต่ต้องล็อกอินก่อน ::
  ล็อกอิน

รายการสื่อสารสนเทศ

ลำดับที่ ประเภท เลขเรียก/บาร์โค้ด สถานที่ สถานะ
- ไม่พบข้อมูล -

รายการใกล้เคียง
    ผู้แต่ง [LeMone, Priscilla]

BibComment


ยังไม่เคยถูกคอมเมนท์

คอมเมนท์ทรัพยากรรายการนี้
  คอมเมนท์: Medicalsurgical n..


 Copyright 2026. Bcnsprnw @Library